Fizikai alapismeretek 7. elektromosságtan /

Elmentve itt :
Bibliográfiai részletek
Szerző: Sápiné Filep Ágnes
Dokumentumtípus: Videó
Megjelent: 2019
Kulcsszavak:fizika
elektromosságtan
Tárgyszavak:
Online Access:http://eta.bibl.u-szeged.hu/3140
LEADER 01320ngm a2200277 i 4500
001 eta3140
005 20260305143405.0
008 220607s2019 hu o 000 hun d
040 |a SZTE Elektronikus Tananyag Archívum  |b hun 
041 |a hun 
100 2 |a Sápiné Filep Ágnes 
245 1 0 |a Fizikai alapismeretek 7.   |h [elektronikus dokumentum] :  |b elektromosságtan /  |c  Sápiné Filep Ágnes 
260 |c 2019 
516 |a Video 
650 4 |a Természettudományok 
650 4 |a Fizikai tudományok 
695 |a fizika 
695 |a elektromosságtan 
856 4 0 |u https://eta.bibl.u-szeged.hu/3140/1/fizika%207%20elektromossagtan.pdf  |z Dokumentum-elérés  
856 4 0 |u https://eta.bibl.u-szeged.hu/3140/2/Fizika%207%20-%20sz%C3%A1mol%C3%A1s.mp4  |z Dokumentum-elérés  
856 4 0 |u https://eta.bibl.u-szeged.hu/3140/3/fizika%207%20szamolas.pdf  |z Dokumentum-elérés  
856 4 0 |u https://eta.bibl.u-szeged.hu/3140/4/Fizika%207%20-%20Elektromoss%C3%A1g.mp4  |z Dokumentum-elérés  
856 4 0 |u https://eta.bibl.u-szeged.hu/3140/15/felirat.vtt  |z Dokumentum-elérés  
856 4 0 |u https://eta.bibl.u-szeged.hu/3140/16/felirat.html  |z Dokumentum-elérés  
856 4 0 |u https://eta.bibl.u-szeged.hu/3140/17/felirat.vtt  |z Dokumentum-elérés  
856 4 0 |u https://eta.bibl.u-szeged.hu/3140/18/felirat.html  |z Dokumentum-elérés